General education in a free social (Record no. 1436536)

MARC details
000 -LEADER
fixed length control field 00545nam a2200181Ia 4500
005 - DATE AND TIME OF LATEST TRANSACTION
control field 20250923144238.0
008 - FIXED-LENGTH DATA ELEMENTS--GENERAL INFORMATION
fixed length control field 008 250917s9999 xx 000 0 eng d
037 ## - SOURCE OF ACQUISITION
Stock number Textual
040 ## - CATALOGING SOURCE
Original cataloging agency DSWL
Language of cataloging eng
Transcribing agency DSWL
041 ## - LANGUAGE CODE
Language code of text/sound track or separate title eng
Source of code eng
084 ## - COLON CLASSIFICATION NUMBER
Classification number T407385ch:N43, H5
Assigning agency DSWL
100 ## - MAIN ENTRY--PERSONAL NAME
Personal name Harvard, Committee
9 (RLIN) 822793
245 #0 - TITLE STATEMENT
Title General education in a free social
Statement of responsibility, etc. by Committee Harvard
260 ## - PUBLICATION, DISTRIBUTION, ETC.
Place of publication, distribution, etc. U.S.A
Name of publisher, distributor, etc. HUP
Date of publication, distribution, etc. 1945
300 ## - PHYSICAL DESCRIPTION
Extent 267 p.
942 ## - ADDED ENTRY ELEMENTS (KOHA)
Koha item type Textual
Classification part T407385ch:N43, H5
Holdings
Withdrawn status Lost status Damaged status Not for loan Home library Current library Date acquired Total Checkouts Full call number Barcode Date last seen Price effective from Koha item type
        Department of Social Work Library Department of Social Work Library 2025-09-23   T407385ch:N43, H5 SW0000377 2025-09-23 2025-09-23 Textual
Copyright @ Delhi University Library System